[Event "?"]
[Site "?"]
[Date "2017.11.05"]
[Round "4.1"]
[White "Teske, Henrik"]
[Black "Epishin, Vladimir"]
[Result "1/2-1/2"]
[WhiteElo "2471"]
[BlackElo "2519"]
[PlyCount "40"]
[EventDate "2017.??.??"]
[WhiteTeam "SV Empor Erfurt"]
[BlackTeam "SV Lingen"]

1. Nf3 d5 2. d4 Nf6 3. c4 e6 4. Nc3 Be7 5. Bf4 O-O 6. e3 c6 7. Bd3 dxc4 8. Bxc4
Nd5 9. Bg3 Nd7 10. O-O Nxc3 11. bxc3 b6 12. Bb3 Bb7 13. Ne5 Nxe5 14. Bxe5 Bd6
15. Bg3 c5 16. Qg4 Bxg3 17. Qxg3 cxd4 18. cxd4 Rc8 19. Rad1 Bd5 20. Rd3 Qd7
1/2-1/2

[Event "?"]
[Site "?"]
[Date "2017.11.05"]
[Round "4.2"]
[White "Gegenfurtner, Jürgen"]
[Black "Stadler, Alexander"]
[Result "1-0"]
[WhiteElo "2293"]
[BlackElo "2130"]
[PlyCount "43"]
[EventDate "2017.??.??"]
[WhiteTeam "SV Seubelsdorf"]
[BlackTeam "SC Vilshofen"]

1. e4 e5 2. Nf3 Nc6 3. Nc3 Nf6 4. g3 Bc5 5. Bg2 d6 6. d3 a6 7. O-O O-O 8. h3
Re8 9. Kh2 d5 10. Nxd5 Nxd5 11. exd5 Qxd5 12. Ng5 Qd7 13. Qh5 h6 14. Ne4 Be7
15. f4 f5 16. Nc3 exf4 17. Bxf4 Bf6 18. Nd5 Bxb2 19. Rae1 Rf8 20. Nxc7 Ra7 21.
Bd5+ Kh7 22. Ne6 1-0

[Event "?"]
[Site "?"]
[Date "2017.11.05"]
[Round "4.3"]
[White "Naundorf, Maik"]
[Black "Feldheim, Jonas"]
[Result "1-0"]
[WhiteElo "2142"]
[BlackElo "2087"]
[PlyCount "65"]
[EventDate "2017.??.??"]
[WhiteTeam "Elberfelder SG"]
[BlackTeam "Spvgg Stetten"]

1. c4 e5 2. g3 c6 3. Nf3 e4 4. Nd4 d5 5. d3 Nf6 6. Bg2 Bb4+ 7. Nc3 O-O 8. O-O
e3 9. Bxe3 c5 10. Nxd5 Nxd5 11. cxd5 cxd4 12. Bxd4 Nd7 13. e4 Re8 14. Rc1 b6
15. a3 Bd6 16. f4 f6 17. b4 a5 18. Qb3 axb4 19. axb4 Bb7 20. Rfe1 Kh8 21. Bc3
Rc8 22. d4 Ba6 23. b5 Bb7 24. e5 fxe5 25. fxe5 Bf8 26. d6 Bxg2 27. Kxg2 Nf6 28.
exf6 Qxd6 29. f7 Rxc3 30. fxe8=Q Rxb3 31. Rc2 Qd5+ 32. Re4 Qf5 33. Rf2 1-0

[Event "?"]
[Site "?"]
[Date "2017.11.05"]
[Round "4.4"]
[White "Ziegler, Michael"]
[Black "Neubauer, Jaroslaus"]
[Result "1-0"]
[WhiteElo "2117"]
[BlackElo "2009"]
[PlyCount "65"]
[EventDate "2017.??.??"]
[WhiteTeam "SC Prichsenstadt"]
[BlackTeam "SK Schweinfurt"]

1. d4 Nf6 2. Nf3 g6 3. c4 Bg7 4. Nc3 d5 5. cxd5 Nxd5 6. e3 O-O 7. Bc4 Nxc3 8.
bxc3 c5 9. O-O Nc6 10. Ba3 Na5 11. Be2 cxd4 12. cxd4 b6 13. Nd2 Bb7 14. Bf3
Bxf3 15. Qxf3 Rc8 16. Rac1 Qd7 17. Qe4 Rxc1 18. Rxc1 Re8 19. Nf3 Qa4 20. Qd3 b5
21. Bc5 Nc4 22. Qb3 Nb6 23. Rb1 Qa6 24. Qxb5 Qxb5 25. Rxb5 e6 26. Ra5 Rb8 27.
g3 Nd7 28. Rxa7 Nxc5 29. dxc5 Rc8 30. Ng5 Bf8 31. Nxf7 Bxc5 32. Nh6+ Kh8 33.
Nf7+ 1-0

[Event "?"]
[Site "?"]
[Date "2017.11.05"]
[Round "4.5"]
[White "Bräutigam, Thomas"]
[Black "Andersen, Jens Knud"]
[Result "1/2-1/2"]
[WhiteElo "2075"]
[BlackElo "2186"]
[PlyCount "41"]
[EventDate "2017.??.??"]
[WhiteTeam "SV Würzburg"]
[BlackTeam "SK Mering"]

1. g3 d5 2. Bg2 e5 3. d3 Nc6 4. Nd2 Be6 5. Ngf3 f6 6. c4 Qd7 7. cxd5 Bxd5 8.
O-O O-O-O 9. a3 g5 10. b4 h5 11. h4 g4 12. Ne1 Bxg2 13. Nxg2 f5 14. Bb2 Bg7 15.
Nb3 Nge7 16. Nc5 Qd6 17. Qb3 Nd5 18. e4 Nde7 19. Qe6+ Qxe6 20. Nxe6 Rdg8 21. b5
1/2-1/2

[Event "?"]
[Site "?"]
[Date "2017.11.05"]
[Round "4.6"]
[White "Weber, Daniel"]
[Black "Diller, Peter"]
[Result "1-0"]
[WhiteElo "2057"]
[BlackElo "1976"]
[PlyCount "53"]
[EventDate "2017.??.??"]
[WhiteTeam "SF 1903 Berlin"]
[BlackTeam "SK Rothenburg"]

1. d4 e6 2. c4 d5 3. cxd5 exd5 4. Nc3 Nf6 5. Nf3 c6 6. Bg5 h6 7. Bh4 Be7 8. e3
Bg4 9. h3 Bh5 10. Bd3 Ne4 11. Bxe7 Qxe7 12. Qc2 Nxc3 13. bxc3 Bxf3 14. gxf3 Nd7
15. a4 Nf8 16. Rb1 Ne6 17. Be2 Rb8 18. Rb3 O-O 19. Qf5 Qg5 20. Qxg5 hxg5 21.
Kd2 g6 22. Rhb1 b6 23. c4 dxc4 24. Bxc4 Nd8 25. Rg1 Nb7 26. Rxg5 Nd6 27. Rxg6+
1-0

[Event "?"]
[Site "?"]
[Date "2017.11.05"]
[Round "4.7"]
[White "Astner, Sebastian"]
[Black "Wagner, Robert"]
[Result "0-1"]
[WhiteElo "1864"]
[BlackElo "2050"]
[PlyCount "72"]
[EventDate "2017.??.??"]
[WhiteTeam "FC Ergolding"]
[BlackTeam "SC Forchheim"]

1. e4 c5 2. Nc3 Nc6 3. f4 e6 4. Nf3 d5 5. Bb5 Nf6 6. d3 Be7 7. O-O O-O 8. Bxc6
bxc6 9. Ne5 Qc7 10. Qf3 Ba6 11. Re1 Rad8 12. Ne2 c4 13. Ng3 cxd3 14. Nxd3 dxe4
15. Nxe4 Nxe4 16. Qxe4 Bxd3 17. cxd3 Bf6 18. Be3 Rd5 19. Rac1 Bxb2 20. Rc2 Bf6
21. Rec1 Qa5 22. Rxc6 Qxa2 23. Rc8 Rfd8 24. f5 Qa6 25. fxe6 Qxe6 26. Qxe6 fxe6
27. Rxd8+ Rxd8 28. Bxa7 Rxd3 29. Rc8+ Kf7 30. Rc7+ Kg6 31. Rc2 Kf5 32. Kf2 Be5
33. h3 Rc3 34. Rd2 Ra3 35. Be3 Rxe3 36. Kxe3 Bf4+ 0-1

[Event "?"]
[Site "?"]
[Date "2017.11.05"]
[Round "4.8"]
[White "Pohl, Steffen"]
[Black "Helgert, Johannes"]
[Result "1/2-1/2"]
[WhiteElo "1904"]
[BlackElo "2043"]
[PlyCount "68"]
[EventDate "2017.??.??"]
[WhiteTeam "SK Schwanstetten"]
[BlackTeam "SV Würzburg"]

1. e4 e6 2. d4 d5 3. Nc3 Bb4 4. e5 c5 5. a3 Bxc3+ 6. bxc3 Ne7 7. Qg4 Qc7 8.
Qxg7 Rg8 9. Qxh7 cxd4 10. Kd1 Nbc6 11. f4 dxc3 12. Nf3 Bd7 13. Ng5 O-O-O 14.
Nxf7 Rdf8 15. Nd6+ Kb8 16. Rb1 Bc8 17. Qd3 d4 18. a4 Nd5 19. Ba3 Nxf4 20. Qe4
Nd5 21. Nxb7 Qg7 22. Bxf8 Rxf8 23. Na5+ Kc7 24. Nxc6 Qg5 25. Qd3 Rf2 26. Ke1
Ba6 27. Qh7+ Kxc6 28. Bb5+ Bxb5 29. axb5+ Kb6 30. Kxf2 Qf4+ 31. Kg1 Qe3+ 32.
Kf1 Qf4+ 33. Kg1 Qe3+ 34. Kf1 Qf4+ 1/2-1/2

[Event "?"]
[Site "?"]
[Date "2017.11.05"]
[Round "4.9"]
[White "Orf, Niklas"]
[Black "Lukas, Norbert"]
[Result "0-1"]
[WhiteElo "1127"]
[BlackElo "2040"]
[PlyCount "64"]
[EventDate "2017.??.??"]
[WhiteTeam "SK Bad Neustadt"]
[BlackTeam "SK Schweinfurt"]

1. d4 Nf6 2. Bf4 d5 3. e3 Bf5 4. Bd3 Be4 5. Nf3 e6 6. Nbd2 h6 7. Qe2 Nbd7 8. h3
Be7 9. Bh2 c6 10. c3 Qb6 11. Nb3 a5 12. Bxe4 dxe4 13. Ne5 a4 14. Nc1 a3 15. b3
Nxe5 16. Bxe5 O-O 17. O-O c5 18. dxc5 Qxc5 19. Bd4 Qf5 20. c4 e5 21. Bc3 Rfd8
22. Qc2 h5 23. Ne2 h4 24. Rad1 Rxd1 25. Rxd1 g5 26. f3 Bc5 27. Bd2 Qe6 28. fxe4
g4 29. hxg4 Qxg4 30. Nc3 Qg3 31. Re1 Ng4 32. Qd3 h3 0-1

[Event "?"]
[Site "?"]
[Date "2017.11.05"]
[Round "4.10"]
[White "Muskat, Gunter"]
[Black "Heppert, Lars"]
[Result "1-0"]
[WhiteElo "2039"]
[BlackElo "1904"]
[PlyCount "63"]
[EventDate "2017.??.??"]
[WhiteTeam "SG Büchenbach/Roth"]
[BlackTeam "SK Neuburg"]

1. c4 g6 2. g3 Bg7 3. Nc3 d6 4. Bg2 e5 5. e4 Ne7 6. Nge2 O-O 7. O-O c5 8. d3
Nbc6 9. Rb1 Be6 10. Nd5 Qc8 11. Be3 Bh3 12. Qd2 Bxg2 13. Kxg2 Nxd5 14. cxd5 Ne7
15. b4 b6 16. bxc5 bxc5 17. Qa5 f5 18. Bg5 f4 19. f3 Qd7 20. Qb5 Qxb5 21. Rxb5
Nc8 22. gxf4 h6 23. Bh4 exf4 24. Rfb1 g5 25. Be1 Ne7 26. Rb7 Ng6 27. Rd7 Rab8
28. Rxb8 Rxb8 29. Rxd6 Rb2 30. Rxg6 Rxe2+ 31. Kf1 Rc2 32. d6 1-0

[Event "?"]
[Site "?"]
[Date "2017.11.05"]
[Round "4.11"]
[White "Lipinsky, Markus"]
[Black "Asadzade, Idris"]
[Result "0-1"]
[WhiteElo "2008"]
[BlackElo "1898"]
[PlyCount "74"]
[EventDate "2017.??.??"]
[WhiteTeam "SC Tarrasch München"]
[BlackTeam "Königsspringer Leverkusen"]

1. d4 Nf6 2. c4 c5 3. d5 b5 4. Qc2 bxc4 5. e4 e6 6. Bxc4 exd5 7. exd5 d6 8. Nc3
Be7 9. h3 Nbd7 10. Nge2 O-O 11. a4 Ne5 12. Ba2 Ba6 13. Nb5 Bxb5 14. axb5 Qa5+
15. Nc3 a6 16. Bg5 Ng6 17. h4 axb5 18. h5 b4 19. hxg6 fxg6 20. Bd2 bxc3 21.
bxc3 Qa4 22. Qc1 Qe4+ 23. Be3 Ng4 24. O-O Qe5 25. g3 Qh5 26. Re1 Ne5 27. Rd1
Qf3 28. Rd2 Rf5 29. Qd1 Rh5 30. Qxf3 Nxf3+ 31. Kg2 Nxd2 32. Bxd2 Re5 33. Kf1
Kf8 34. c4 Re4 35. Bc3 Bf6 36. Bb1 Rxa1 37. Bxa1 Rxc4 0-1

[Event "?"]
[Site "?"]
[Date "2017.11.05"]
[Round "4.13"]
[White "Eichenauer, Pascal"]
[Black "Kröncke, Manfred"]
[Result "1/2-1/2"]
[WhiteElo "1720"]
[BlackElo "2000"]
[PlyCount "86"]
[EventDate "2017.??.??"]
[WhiteTeam "SV Würzburg"]
[BlackTeam "SG Glückstadt"]

1. d4 d5 2. c4 e6 3. Nc3 Nf6 4. cxd5 exd5 5. Bg5 c6 6. Qc2 Be7 7. e3 O-O 8. Bd3
Nbd7 9. Nf3 Re8 10. O-O Nf8 11. Ne5 Ng4 12. Bxe7 Rxe7 13. Nxg4 Bxg4 14. b4 Re6
15. b5 Rh6 16. Bf5 Qh4 17. h3 Bxf5 18. Qxf5 Rg6 19. bxc6 bxc6 20. Rab1 Ne6 21.
Rb7 Rf8 22. Rxa7 Rg5 23. Qf3 Rg6 24. Kh2 Rf6 25. Qg3 Qh5 26. f4 Qf5 27. Qe1 Rb8
28. Qd2 h5 29. g3 Rh6 30. Rc1 Nf8 31. Qc2 Qe6 32. Nd1 Rc8 33. a4 Nd7 34. Ra6
Qd6 35. Nc3 Re6 36. Nb5 Qe7 37. Na7 Rxe3 38. Nxc8 Re2+ 39. Kh1 Qe3 40. Qxe2
Qxe2 41. Raxc6 Qf3+ 42. Kh2 Qf2+ 43. Kh1 Qf3+ 1/2-1/2

[Event "?"]
[Site "?"]
[Date "2017.11.05"]
[Round "4.14"]
[White "Lichtmannecker, Daniel"]
[Black "von Zimmermann, Georg"]
[Result "1/2-1/2"]
[WhiteElo "1831"]
[BlackElo "2071"]
[PlyCount "54"]
[EventDate "2017.??.??"]
[WhiteTeam "FC Ergolding"]
[BlackTeam "MSA Zugzwang"]

1. d4 Nf6 2. c4 g6 3. Nc3 Bg7 4. Nf3 O-O 5. g3 d6 6. Bg2 Nc6 7. O-O a6 8. d5
Na5 9. Qd3 c5 10. e4 Nd7 11. Rb1 b5 12. cxb5 axb5 13. Nxb5 Ba6 14. a4 c4 15.
Qc2 Rb8 16. Nfd4 Qb6 17. Be3 Nc5 18. b4 cxb3 19. Nxb3 Naxb3 20. Rxb3 Rfc8 21.
Bh3 f5 22. Bxc5 Rxc5 23. Qd2 fxe4 24. Re1 Bxb5 25. Rxb5 Rxb5 26. axb5 Qxb5 27.
Rxe4 Bf6 1/2-1/2

[Event "?"]
[Site "?"]
[Date "2017.11.05"]
[Round "4.15"]
[White "Braun, Kristin"]
[Black "Haasner, Tom"]
[Result "0-1"]
[WhiteElo "1832"]
[BlackElo "1959"]
[PlyCount "106"]
[EventDate "2017.??.??"]
[WhiteTeam "SC Forchheim"]
[BlackTeam "TSV Rottendorf"]

1. e4 c5 2. Nc3 Nc6 3. g3 g6 4. Bg2 Bg7 5. d3 e6 6. Be3 d6 7. Qd2 Nd4 8. Nf3
Ne7 9. Rb1 O-O 10. Ne2 Nxe2 11. Qxe2 Qa5+ 12. c3 Qxa2 13. Qd1 Qa5 14. Qd2 d5
15. Bh6 dxe4 16. dxe4 Qc7 17. h4 Rd8 18. Qe3 Qd6 19. Bxg7 Kxg7 20. h5 Qd3 21.
Qxd3 Rxd3 22. hxg6 fxg6 23. Ng5 h6 24. Ke2 c4 25. Nf3 Nc6 26. Rh2 e5 27. Rbh1
h5 28. Nd2 Be6 29. Bh3 Rad8 30. Nf3 Bxh3 31. Rxh3 Kf6 32. Rh4 b5 33. g4 hxg4
34. Rxg4 b4 35. Rh6 Rg8 36. Ne1 Rd7 37. cxb4 Nd4+ 38. Ke3 Ne6 39. Rgh4 Nf4 40.
Rh8 Rgd8 41. Rxd8 Rxd8 42. Rh1 Rd1 43. b5 Rb1 44. Kf3 Nd3 45. Ke2 Rxb2+ 46. Ke3
Rb1 47. Ke2 Rxe1+ 48. Rxe1 Nxe1 49. Kxe1 Kg5 50. Ke2 Kf4 51. f3 g5 52. Kf2 c3
53. Ke2 c2 0-1

[Event "?"]
[Site "?"]
[Date "2017.11.05"]
[Round "4.16"]
[White "Schneider, Dominik"]
[Black "Nemetz, Markus"]
[Result "1-0"]
[WhiteElo "1819"]
[BlackElo "1943"]
[PlyCount "73"]
[EventDate "2017.??.??"]
[WhiteTeam "vereinslos"]
[BlackTeam "SV Mödling (Aut)"]

1. e4 c5 2. Nf3 d6 3. d4 cxd4 4. Nxd4 Nf6 5. Nc3 a6 6. Be3 Ng4 7. Bg5 h6 8. Bh4
g5 9. Bg3 Bg7 10. h3 Ne5 11. f3 Nbc6 12. Bf2 O-O 13. Qd2 Nxd4 14. Bxd4 e6 15.
O-O-O Qa5 16. Kb1 b5 17. h4 b4 18. hxg5 bxc3 19. Bxc3 Qc7 20. gxh6 Bf6 21. f4
Nd7 22. Bxf6 Nxf6 23. Qe3 Kh8 24. Bd3 Rb8 25. e5 Nd5 26. exd6 Qa5 27. Qd4+ f6
28. Ka1 Rb4 29. Bc4 Ra4 30. Qa7 Rg8 31. Bb3 Rb4 32. d7 Bb7 33. c4 Ne7 34. Qd4
Nd5 35. Qa7 Rxb3 36. cxd5 Rbg3 37. Qxb7 1-0

[Event "?"]
[Site "?"]
[Date "2017.11.05"]
[Round "4.17"]
[White "Chen, Jiaoji"]
[Black "Werner, Jörg"]
[Result "1-0"]
[WhiteElo "1923"]
[BlackElo "1758"]
[PlyCount "115"]
[EventDate "2017.??.??"]
[WhiteTeam "SV Würzburg"]
[BlackTeam "SV Würzburg"]

1. d4 d5 2. Nf3 c6 3. e3 e6 4. Bd3 f5 5. O-O Nf6 6. c4 Bd6 7. b3 Nbd7 8. Ba3
Qe7 9. Bxd6 Qxd6 10. cxd5 cxd5 11. Nc3 a6 12. Rc1 O-O 13. Na4 Ne4 14. Qc2 Ndf6
15. Qc7 Qb4 16. Ne5 Ne8 17. Qb6 Qe7 18. f3 N4d6 19. f4 Ne4 20. Bxe4 fxe4 21.
Rc2 Nd6 22. Qc7 Qxc7 23. Rxc7 Nf5 24. Kf2 Nd6 25. Nb6 Rb8 26. Nbd7 Bxd7 27.
Rxd7 Nf5 28. Rc1 Rbc8 29. Rcc7 Rxc7 30. Rxc7 b5 31. Rc6 g5 32. g3 gxf4 33. gxf4
Re8 34. Nd7 Kg7 35. Rxa6 Rc8 36. Nc5 Kh8 37. Rxe6 Ra8 38. Ra6 Rg8 39. Rf6 Nh4
40. Ne6 Ng6 41. Rf7 Ra8 42. f5 Nh4 43. Kg3 Nf3 44. Rf8+ Rxf8 45. Nxf8 Ne1 46.
Ne6 Nd3 47. Nc7 Nc1 48. a4 bxa4 49. bxa4 Nb3 50. Nxd5 Kg7 51. Kf4 Kf7 52. Kxe4
Nd2+ 53. Kf4 Nc4 54. e4 Nb2 55. a5 Nd3+ 56. Ke3 Nb2 57. a6 Nc4+ 58. Kf4 1-0

[Event "?"]
[Site "?"]
[Date "2017.11.05"]
[Round "4.18"]
[White "Diller, Marianne"]
[Black "Krammer, Werner"]
[Result "1/2-1/2"]
[WhiteElo "1904"]
[BlackElo "1665"]
[PlyCount "145"]
[EventDate "2017.??.??"]
[WhiteTeam "SK Rothenburg"]
[BlackTeam "SK Kriegshaber"]

1. d4 d5 2. c4 c6 3. Bf4 Nf6 4. e3 e6 5. Nf3 Bd6 6. Bg3 Bxg3 7. hxg3 Nbd7 8.
Nbd2 Qc7 9. Qc2 h6 10. c5 e5 11. dxe5 Nxe5 12. Nd4 Bd7 13. Bd3 Nxd3+ 14. Qxd3
Qe5 15. N2f3 Qe4 16. Qb3 Rb8 17. Rh4 Qe7 18. Qa3 a6 19. Nd2 O-O 20. f3 Rfe8 21.
Kf2 Nh7 22. Rah1 f5 23. Qc3 Rf8 24. Ne2 Qf6 25. Qxf6 Rxf6 26. Rb4 Nf8 27. Rc1
Ne6 28. Nb3 Rf7 29. Na5 Be8 30. Nf4 Nxf4 31. gxf4 Re7 32. Rc3 Kf7 33. Rcb3 b5
34. Rd4 Rd8 35. Ra3 Ra8 36. b4 Kf6 37. Nb3 g6 38. Rd1 h5 39. Nd4 Rea7 40. e4
fxe4 41. fxe4 dxe4 42. Nxc6 Bxc6 43. Rd6+ Kf5 44. Rxc6 a5 45. bxa5 Rxa5 46.
Rxa5 Rxa5 47. Rb6 Rxa2+ 48. Kf1 Rb2 49. c6 Rc2 50. g3 b4 51. Rb5+ Kg4 52. Rxb4
Kxg3 53. Rxe4 Kf3 54. Re1 Rxc6 55. Kg1 Kxf4 56. Kg2 Rc2+ 57. Kh3 Rf2 58. Ra1
Rf3+ 59. Kh2 h4 60. Ra4+ Kg5 61. Ra2 Kh5 62. Rb2 g5 63. Rg2 g4 64. Rb2 h3 65.
Rb8 Rf2+ 66. Kh1 Kh4 67. Rb3 h2 68. Rh3+ Kg5 69. Rxh2 Rxh2+ 70. Kxh2 Kf4 71.
Kg2 g3 72. Kg1 Kf3 73. Kf1 1/2-1/2

[Event "?"]
[Site "?"]
[Date "2017.11.05"]
[Round "4.19"]
[White "Rauth, Markus"]
[Black "Brückner, Alexander"]
[Result "0-1"]
[WhiteElo "1744"]
[BlackElo "1838"]
[PlyCount "81"]
[EventDate "2017.??.??"]
[WhiteTeam "SV Germania Erlenbach"]
[BlackTeam "SF Augsburg"]

1. e4 c5 2. Nc3 e6 3. f4 Nc6 4. Nf3 d6 5. Bb5 Bd7 6. O-O Nd4 7. Bxd7+ Qxd7 8.
d3 Ne7 9. Nxd4 cxd4 10. Ne2 e5 11. f5 d5 12. Ng3 dxe4 13. dxe4 f6 14. Qh5+ Kd8
15. Rd1 Nc6 16. c3 Bc5 17. Kh1 Ke7 18. b4 Bd6 19. b5 Na5 20. cxd4 exd4 21. Qe2
Be5 22. Ba3+ Kf7 23. Rab1 g6 24. Bb4 b6 25. Bxa5 bxa5 26. Qc4+ Kg7 27. Ne2 Rac8
28. Qd3 Rhd8 29. g4 Rc5 30. Rb2 Qc7 31. h3 Rc4 32. Kg2 Rd6 33. Rbd2 Qc5 34. Rb1
Rc3 35. Rc1 Rxd3 36. Rxc5 Rxd2 37. Rc7+ Kh6 38. Kf3 Rxa2 39. h4 Ra3+ 40. Kf2 d3
41. h5 0-1

[Event "?"]
[Site "?"]
[Date "2017.11.05"]
[Round "4.20"]
[White "Prieb, Robert"]
[Black "Lindner, Helmut"]
[Result "1/2-1/2"]
[WhiteElo "1742"]
[BlackElo "1910"]
[PlyCount "84"]
[EventDate "2017.??.??"]
[WhiteTeam "SG Bochum"]
[BlackTeam "SC Prichsenstadt"]

1. d4 d5 2. c4 e6 3. Nc3 Nf6 4. Nf3 Be7 5. Bf4 c6 6. e3 O-O 7. c5 b6 8. b4 a5
9. a3 Ba6 10. Bd3 Bxd3 11. Qxd3 axb4 12. Ne2 Rxa3 13. Rxa3 bxa3 14. Qxa3 bxc5
15. dxc5 Ne4 16. O-O Bxc5 17. Qd3 Bd6 18. Rb1 Bxf4 19. Nxf4 c5 20. g3 Nc6 21.
Ra1 Qc7 22. Qa6 h6 23. Kg2 Rb8 24. Qa3 Qb6 25. Ra2 Qb3 26. Qxb3 Rxb3 27. h4 Rb6
28. h5 Kf8 29. Ra8+ Rb8 30. Ra6 Rc8 31. Rb6 c4 32. Ne2 Nf6 33. Nf4 c3 34. Rb1
Na5 35. Ne1 Ne4 36. Ne2 Rc7 37. Rc1 e5 38. f3 Nf6 39. Rxc3 Rxc3 40. Nxc3 Nc4
41. Nc2 Ke7 42. g4 Ke6 1/2-1/2

[Event "?"]
[Site "?"]
[Date "2017.11.05"]
[Round "4.21"]
[White "Diller, Andreas"]
[Black "Kaptan, Cagatay"]
[Result "1-0"]
[WhiteElo "1885"]
[BlackElo "1691"]
[PlyCount "47"]
[EventDate "2017.??.??"]
[WhiteTeam "SK Rothenburg"]
[BlackTeam "vereinslos"]

1. e4 c5 2. f4 d6 3. Nf3 Nc6 4. Nc3 e6 5. Bc4 Na5 6. Bb5+ Bd7 7. Bxd7+ Qxd7 8.
O-O Ne7 9. d4 cxd4 10. Nxd4 a6 11. f5 Ng8 12. fxe6 fxe6 13. Qh5+ g6 14. Qxa5
Bg7 15. Be3 Nf6 16. Qa4 b5 17. Qb3 Ke7 18. Rad1 Rac8 19. e5 Nd5 20. Nxd5+ exd5
21. exd6+ Qxd6 22. Bg5+ Ke8 23. Qe3+ Qe5 24. Qxe5+ 1-0

[Event "?"]
[Site "?"]
[Date "2017.11.05"]
[Round "4.22"]
[White "Meyer, Nico"]
[Black "Homi, Joseph"]
[Result "0-1"]
[WhiteElo "1610"]
[BlackElo "1850"]
[PlyCount "62"]
[EventDate "2017.??.??"]
[WhiteTeam "SC Bechhofen"]
[BlackTeam "SGem Fürth"]

1. e4 c6 2. d4 d5 3. e5 Bf5 4. Ne2 e6 5. Ng3 Bg6 6. h4 h6 7. h5 Bh7 8. Bd3 Bxd3
9. cxd3 Qb6 10. Be3 Nd7 11. O-O Be7 12. Qg4 Bf8 13. f4 Ne7 14. Nd2 O-O-O 15.
Nb3 Rg8 16. Bd2 Qb5 17. Qe2 g6 18. Na5 Nf5 19. Nxf5 gxf5 20. a4 Qb6 21. b4
Qxd4+ 22. Be3 Qxb4 23. Bd2 Qb6+ 24. Kh1 Rg4 25. g3 Bb4 26. Rab1 c5 27. Bxb4
cxb4 28. Rfc1+ Kb8 29. Qc2 Rgg8 30. Nxb7 Qxb7 31. Qd2 a5 0-1

[Event "?"]
[Site "?"]
[Date "2017.11.05"]
[Round "4.23"]
[White "Mock, Gabriel"]
[Black "Drewes, Thomas"]
[Result "0-1"]
[WhiteElo "1405"]
[BlackElo "1794"]
[PlyCount "110"]
[EventDate "2017.??.??"]
[WhiteTeam "FC Ergolding"]
[BlackTeam "SV Würzburg"]

1. e4 e5 2. Nf3 d6 3. d4 exd4 4. Nxd4 Nf6 5. Nc3 Be7 6. Bc4 O-O 7. O-O c6 8.
Bd3 a6 9. Be3 Re8 10. Qf3 Ng4 11. Bf4 Bf6 12. Nde2 Ne5 13. Qe3 Nbd7 14. h3 Nxd3
15. Qxd3 Ne5 16. Bxe5 Bxe5 17. f4 Bf6 18. Rfd1 Be7 19. Qd4 Qa5 20. Kh1 b5 21.
a3 Bb7 22. Ng3 c5 23. Qe3 Rad8 24. Nd5 Bxd5 25. Rxd5 Bf8 26. Rad1 Qc7 27. Qc3
Qe7 28. Qa5 Qh4 29. Kh2 Qxf4 30. Qxa6 Rxe4 31. Rf5 Ra4 32. Qxb5 Qc4 33. Qb6
Raa8 34. Qb7 Rab8 35. Qc7 Qe6 36. Rdf1 f6 37. R1f4 Rdc8 38. Qa5 Rb7 39. b3 Rf7
40. Re4 Qd7 41. Qd2 g6 42. Rd5 Re8 43. a4 f5 44. Re2 Rxe2 45. Nxe2 Bg7 46. Nf4
Be5 47. Kh1 Qe7 48. Nd3 Bd4 49. c3 Be3 50. Qe2 Rf6 51. Nf4 Qe4 52. Nd3 Qxd5 53.
Qxe3 Re6 54. Nf4 Qd1+ 55. Qg1 Re1 0-1

[Event "?"]
[Site "?"]
[Date "2017.11.05"]
[Round "4.24"]
[White "Neuwerth, Chulian"]
[Black "Hammerl, Jonas"]
[Result "1-0"]
[WhiteElo "1790"]
[BlackElo "1622"]
[PlyCount "95"]
[EventDate "2017.??.??"]
[WhiteTeam "SV Röhrnbach"]
[BlackTeam "FC Ergolding"]

1. c4 e5 2. g3 Nc6 3. Bg2 g6 4. Nc3 Bg7 5. e4 d6 6. Nge2 Be6 7. d3 Nf6 8. Nd5
Nd7 9. Rb1 O-O 10. O-O h6 11. b4 Ne7 12. Be3 c6 13. Nxe7+ Qxe7 14. Qd2 Kh7 15.
Rfc1 f5 16. Nc3 f4 17. gxf4 Qh4 18. Ne2 Bh3 19. Bxh3 Qxh3 20. Ng3 Nf6 21. f3
Nh5 22. Nxh5 Qxh5 23. Rf1 Rf7 24. fxe5 dxe5 25. f4 exf4 26. Rxf4 Rxf4 27. Bxf4
Qg4+ 28. Bg3 Bd4+ 29. Kg2 Rf8 30. Rf1 Rxf1 31. Kxf1 Qf3+ 32. Ke1 g5 33. Qe2
Bc3+ 34. Kd1 Qh1+ 35. Kc2 Qa1 36. Kb3 b5 37. cxb5 cxb5 38. Qc2 Bg7 39. e5 Qd4
40. Qc3 Qd5+ 41. Kb2 h5 42. d4 h4 43. Bf2 Kh6 44. h3 Qe4 45. Qe3 Qg2 46. e6 Bf6
47. Ka3 Kh5 48. e7 1-0

[Event "?"]
[Site "?"]
[Date "2017.11.05"]
[Round "4.25"]
[White "Mikota, Paul"]
[Black "Nicola, Marius"]
[Result "1-0"]
[WhiteElo "1547"]
[BlackElo "840"]
[PlyCount "83"]
[EventDate "2017.??.??"]
[WhiteTeam "SK Kriegshaber"]
[BlackTeam "SK Schweinfurt"]

1. d4 Nf6 2. Nf3 e6 3. Bf4 d5 4. e3 c5 5. dxc5 Bxc5 6. Bd3 O-O 7. Nbd2 b6 8. c3
Ba6 9. Qe2 Bxd3 10. Qxd3 h6 11. h3 Nbd7 12. O-O-O Qe7 13. Bg3 a5 14. Bh4 Rab8
15. e4 dxe4 16. Nxe4 Rfd8 17. Qc2 b5 18. Rd3 Ba7 19. Rhd1 Nc5 20. Nxf6+ gxf6
21. Rxd8+ Rxd8 22. Nd4 b4 23. Nc6 Rxd1+ 24. Qxd1 Qc7 25. Qg4+ Kf8 26. Nxa7 Qxa7
27. Qd4 Qc7 28. Bxf6 Qf4+ 29. Kd1 Qxd4+ 30. Bxd4 Nd3 31. cxb4 axb4 32. Kd2 Nf4
33. Bc5+ Ke8 34. Bxb4 Kd7 35. g3 Nxh3 36. Ke3 Ng5 37. Bc3 f5 38. f3 Kc6 39. a4
Nf7 40. b4 Nd6 41. Kd4 f4 42. g4 1-0

[Event "?"]
[Site "?"]
[Date "2017.11.05"]
[Round "4.26"]
[White "Memmel, Stefan"]
[Black "Porstendörfer, Eric"]
[Result "0-1"]
[WhiteElo "1386"]
[BlackElo "1253"]
[PlyCount "120"]
[EventDate "2017.??.??"]
[WhiteTeam "SK Schweinfurt"]
[BlackTeam "SK Klingenberg"]

1. e4 e5 2. Nf3 Nc6 3. Bc4 Nf6 4. d3 h6 5. O-O d5 6. Bb5 Bd7 7. Bxc6 Bxc6 8.
Nxe5 Bd6 9. Nxc6 bxc6 10. Re1 dxe4 11. Nd2 O-O 12. Nxe4 Nxe4 13. dxe4 Re8 14.
f3 Qh4 15. g3 Qh3 16. Qe2 Re6 17. Qg2 Qh5 18. Be3 Rg6 19. Rad1 Re8 20. b4 Bxb4
21. Bd2 Bxd2 22. Rxd2 f5 23. Rde2 f4 24. g4 Qe5 25. Qf2 h5 26. h3 c5 27. Rd2
Rd6 28. Red1 Red8 29. Kg2 Qc3 30. Rxd6 Rxd6 31. Rxd6 cxd6 32. gxh5 Qe3 33. Qxe3
fxe3 34. Kf1 Kh7 35. Ke2 Kh6 36. Kxe3 Kxh5 37. c4 Kh4 38. f4 Kxh3 39. e5 dxe5
40. fxe5 g5 41. Kf3 g4+ 42. Kf2 Kh2 43. e6 g3+ 44. Ke2 g2 45. e7 g1=Q 46. e8=Q
Qg4+ 47. Ke1 Qh4+ 48. Kd2 Qd4+ 49. Ke1 Qc3+ 50. Kf2 Qf6+ 51. Ke1 Qa1+ 52. Kf2
Qxa2+ 53. Qe2 Qxe2+ 54. Kxe2 a5 55. Kd2 a4 56. Kc2 Kg2 57. Kb2 Kg3 58. Ka3 Kf4
59. Kxa4 Ke3 60. Ka5 Kd3 0-1

[Event "?"]
[Site "?"]
[Date "2017.11.05"]
[Round "4.27"]
[White "Abou Wally, Adrian"]
[Black "Porstendörfer, Yannik"]
[Result "0-1"]
[WhiteElo "1121"]
[BlackElo "1231"]
[PlyCount "112"]
[EventDate "2017.??.??"]
[WhiteTeam "SV Schott Jena"]
[BlackTeam "SK Klingenberg"]

1. e4 d5 2. exd5 Nf6 3. Nf3 Bg4 4. h3 Bh5 5. Bc4 Nxd5 6. d3 Nc6 7. Nbd2 e6 8.
Ne4 Bd6 9. Ng3 Bxf3 10. Qxf3 Ne5 11. Qe2 Nxc4 12. dxc4 Bb4+ 13. c3 Nxc3 14. Qc2
Nxa2+ 15. Bd2 Qxd2+ 16. Qxd2 Bxd2+ 17. Kxd2 Nb4 18. Rad1 O-O-O+ 19. Ke2 Rxd1
20. Rxd1 Rd8 21. Rxd8+ Kxd8 22. Ke3 Ke7 23. Ne4 f5 24. Ng5 h6 25. Nf3 Kd6 26.
Nd2 e5 27. f4 e4 28. g4 g6 29. Kd4 Nc2+ 30. Kc3 Ne3 31. gxf5 gxf5 32. Kd4 Ng2
33. b4 Nxf4 34. c5+ Ke6 35. Nc4 b6 36. cxb6 axb6 37. h4 Nd5 38. b5 e3 39. Nxe3
Nxe3 40. Kxe3 Ke5 41. Kf3 f4 42. Kf2 Kf5 43. Kf3 h5 44. Kf2 Kg4 45. Kg2 f3+ 46.
Kh2 Kxh4 47. Kg1 Kg3 48. Kh1 Kf2 49. Kh2 Ke2 50. Kg3 f2 51. Kf4 f1=Q+ 52. Ke5
Qd1 53. Kf5 Qd4 54. Kg5 Qe4 55. Kh6 Qg4 56. Kh7 h4 0-1